| 000 | 00667nam a22002177a 4500 | ||
|---|---|---|---|
| 999 |
_c9955 _d9955 |
||
| 003 | AR-CdUCM | ||
| 008 | 190328b ||||| |||| 00| 0 spa d | ||
| 020 | _a978-607-32-3389-7 | ||
| 040 |
_aMUNICIPALIDAD PROVINCIAL DEL CUSCO _cBIBLIOTECA MUNICIPAL DEL CUSCO |
||
| 082 |
_aPI-0105 / _bPIS / pec |
||
| 100 |
_aPisos, Cecilla _926514 |
||
| 245 | _aPececito verde / | ||
| 260 |
_aMéxico : _bPearson Educación México, _c2015. |
||
| 300 |
_bilustraciones a color, _c20 cm. |
||
| 500 | _aNo cuenta con numeración impresa. | ||
| 650 |
_acuento infantil _926512 |
||
| 650 |
_aSiglo XX _98 |
||
| 700 |
_aCahue, Mónica _926515 |
||
| 942 |
_2ddc _cLIBROS |
||
| 945 | _araen | ||